Shalom: (Record no. 3498)

MARC details
000 -LEADER
fixed length control field 00433nam a2200157Ia 4500
003 - CONTROL NUMBER IDENTIFIER
control field GBCCL
005 - DATE AND TIME OF LATEST TRANSACTION
control field 20241126110456.0
008 - FIXED-LENGTH DATA ELEMENTS--GENERAL INFORMATION
fixed length control field 171128b xxu||||| |||| 00| 0 eng d
040 ## - CATALOGING SOURCE
Transcribing agency gbc
082 ## - DEWEY DECIMAL CLASSIFICATION NUMBER
Classification number 296
Item number SHA
245 ## - TITLE STATEMENT
Title Shalom:
Remainder of title The heritage of Judaism in selected writings /
Statement of responsibility, etc. Edited by Tina Hacker
260 ## - PUBLICATION, DISTRIBUTION, ETC.
Place of publication, distribution, etc. Missouri:
Name of publisher, distributor, etc. Hallmark Cards,
Date of publication, distribution, etc. 1972
300 ## - PHYSICAL DESCRIPTION
Extent 61p.;
Other physical details ill.,
Dimensions 18 cm.
650 ## - SUBJECT ADDED ENTRY--TOPICAL TERM
Topical term or geographic name entry element Judaism
9 (RLIN) 1559
942 ## - ADDED ENTRY ELEMENTS (KOHA)
Source of classification or shelving scheme Dewey Decimal Classification
Koha item type Books
Holdings
Withdrawn status Lost status Source of classification or shelving scheme Damaged status Not for loan Home library Current Library Shelving location Date acquired Total checkouts Full call number Barcode Date last seen Copy number Price effective from Koha item type
    Dewey Decimal Classification     GRACE BIBLE COLLEGE GRACE BIBLE COLLEGE Philosophy and Religion 2017-11-28   296 SHA 009228 2025-05-01 c.1 2017-11-28 Books
© Grace Bible College Library 2025